Majorca (Record no. 136406)

MARC details
000 -LEADER
campo de control de longitud fija 00611nam a2200193 4500
001 - NÚMERO DE CONTROL
campo de control 136406
003 - IDENTIFICADOR DE NÚMERO DE CONTROL
campo de control ES-MaACL
005 - FECHA Y HORA DE LA ÚLTIMA TRANSACCIÓN
campo de control 20250627063646.0
007 - CAMPO FIJO DE DESCRIPCIÓN FÍSICA--INFORMACIÓN GENERAL
campo de control de longitud fija t|
008 - DATOS DE LONGITUD FIJA--INFORMACIÓN GENERAL
campo de control de longitud fija 070214s1958 sp r ||||1| eng d
100 1# - ENTRADA PRINCIPAL--NOMBRE DE PERSONA
Nombre de persona Rusiñol, Santiago,
Fechas asociadas al nombre 1861-1931
9 (RLIN) 241043
245 10 - MENCIÓN DEL TÍTULO
Título Majorca
Resto del título : the island of calm /
Mención de responsabilidad, etc. by Santiago Rusiñol ; [English version by Mary Lake].
250 ## - MENCION DE EDICION
Mención de edición 1st publ.
260 ## - PUBLICACIÓN, DISTRIBUCIÓN, ETC.
Lugar de publicación, distribución, etc. Barcelona :
Nombre del editor, distribuidor, etc. Pulide,
Fecha de publicación, distribución, etc. 1958.
300 ## - DESCRIPCIÓN FÍSICA
Extensión 215 p., 14 lám. :
Otras características físicas il. = retr. aut. ;
Dimensiones 17 cm.
700 1# - ENTRADA AGREGADA--NOMBRE PERSONAL
Nombre de persona Lake, Mary.
9 (RLIN) 69717
852 ## - LOCALIZACIÓN
Ubicación ES-MaACL
Número de control de estantería C-15212
Sublocalización o colección R.42427
Holdings
Estatus retirado Estado de pérdida Estado de daño No para préstamo Biblioteca de origen Biblioteca actual Ubicación en estantería Fecha de adquisición Fuente de adquisición Total de préstamos Signatura topográfica completa Código de barras Visto por última vez Precio de reemplazo Tipo de ítem Koha
        Biblioteca del Ateneo de Madrid Biblioteca del Ateneo de Madrid Ficheros 17/01/2008     C-15212 1141963 23/02/2023 23/02/2023 Libro impreso